00971nam a22002775i 450000100060000000300090000600500170001500700030003200800410003502000530007604000220012908000220015110000330017324501380020625000120034426000510035630000270040749000390043450400300047365100370050370000300054070000200057071000310059083000390062185200330066013205ES-MaACL20250828080134.0t|910924s1991 sp ||||0| spa j a84-87290-03-5 zISBN (INVALIDADO) 84-87290-03-05 aM-BN bspa cM-BN a908(464.1 M.)"16"1 aHidalgo Monteagudo, Ramón.10aMadrid de los Austrias / cGrupo Ciudad y Educación, Ramón Hidalgo Monteagudo, Rosalía Ramos Guarido, Fidel Revilla González. a2ª ed. aMadrid : bLa Librería, c1991 (gimp. 1989) a79 p : bil ; c22 cm.1 aRecorridos didácticos por Madrid aBibliografía: p. 77-78. 4aMadrid-xDescripción-yS.XVII.1 aRamos Guarido, Rosalía.1 aRevilla, Fidel.2 aGrupo Ciudad y Educación0 aRecorridos didácticos por Madrid aES-MaACLjL-20508 bR.123733